000 01142pam a2200349 a 4500
001 2541794
003 OSt
005 20140310182722.0
008 940609s1995 nyua 001 0 eng
010 _a 94022161
020 _a0471593869
040 _aDLC
_cDLC
_dDLC
050 0 0 _aQD 33
_b.B668 1995
082 0 0 _aM 540
_bB63 1995
100 1 _aBodner, George M.
245 1 0 _aChemistry, an experimental science /
_cBodner, George M.
250 _a2nd ed.
260 _aNew York :
_bWiley,
_cc1995.
300 _axxxii, 983, [86] p. :
_bcol. ill. ;
_c26 cm.
500 _aIncludes index.
521 _acollege students
526 _c1210L to 17000L
541 _j1
562 _e1
650 0 _aChemistry.
700 1 _aPardue, Harry L.
856 4 2 _3Publisher description
_uhttp://www.loc.gov/catdir/description/wiley033/94022161.html
856 4 _3Table of Contents
_uhttp://www.loc.gov/catdir/toc/onix03/94022161.html
906 _a7
_bcbc
_corignew
_d1
_eocip
_f19
_gy-gencatlg
942 _2lcc
_cBK
_kM
999 _c15347
_d15347